Química de suelos con énfasis en suelos de América Latina /

Guardado en:
Autor Corporativo: Instituto Interamericano de Cooperación para la Agricultura.
Otros Autores: Fassbender, Hans W.
Formato: Libro
Idioma:Spanish
Publicado: San José : IICA, 1982.
Series:Serie de libros y materiales educativos ; nº 24
Materias:
Etiquetas: Agregar Etiqueta
Sin Etiquetas, Sea el primero en etiquetar este registro!
LEADER 00778nam a22002055a 4500
001 EEA.libagro007621
005 20180424124519.0
008 130809s1982####cr#a##########000#0#spa#d
020 |z 9290390255 
082 0 4 |a 631.41 
245 1 0 |a Química de suelos con énfasis en suelos de América Latina /  |c Hans W. Fassbender. 
260 |a San José :  |b IICA,  |c 1982. 
300 |a 398 p. :  |b il. ;  |c 23 cm. 
490 1 |a Serie de libros y materiales educativos ;  |v nº 24 
650 7 |a Química del suelo  |2 agrovoc 
650 7 |a Suelo  |z América Latina  |2 agrovoc 
700 1 |a Fassbender, Hans W. 
710 2 |a Instituto Interamericano de Cooperación para la Agricultura. 
810 2 |a IICA  |t Serie de libros y materiales educativos  |v nº 24 
859 |a AR-BbBCA  |b BIB. AGRONOMIA  |h 631.41  |i F249  |p 2006/5010